01075nam a22002894c 4500003000900000008004100009020001800050040002500068041001800093080001100111100002300122245001900145264003100164300004100195336002700236337003300263338002800296490003600324520017700360521002400537650004600561650001500607700003300622942001400655999001300669952010300682AR-BaSMT240627b2006 enka|||ar|||| 000 1 ing d a9780007235940 aBSGBbespañolerda0 ainghInglés a82-34 1 aShipton, Paul948010aBart the Shark aLondres : bCollins,c2006 a16 páginas ; bilustraciones color 2rdacontentatextobtxt 2rdamediaasin mediaciónbn 2rdacarrieravolumenbnc aBig Cat Phonics - Yellow Band 3 aBart the Shark is big and bad. Bart the Shark is feeling mad! Find out what happens to the little fish when Bart the Shark comes to visit, in this very funny rhyming story. aJardín / Primaria 798aLITERATURA INFANTILvInglésxPhonics 7923aCUENTO1 aSturat, Jon9481eIlustrador 2ddcaBOOK c645d645 00102ddc40aBSGBbBSGBcInglés - AmarilloeDonacióni000917l0o82-34 SHIp000917t1yBOOKf